00938cam a2200265 a 450000100100000000500170001000800410002704000300006808200230009810000410012124500550016225000110021726000350022830000210026349000470028450400320033165000300036365000310039383000550042491000330047991000070051204900090051995201270052899900170065500001968220200929170112.0820805s1968 sp 001 e spa d aDO-SdBNPbspacDLCdBNPHU a864.62bU54s, 19681 aUnamuno, Miguel de,d1864-19369625410aSoliloquios y conversaciones /cMiguel de Unamuno. a6a ed. aMadrid :bEspasa-Calpe,c1968. a168 p. ;c18 cm.1 aAustral. Verde: ensayos y filosofíav286 aIncluye índice de autores 4aEnsayos españoles93095 4aLiteratura española9632 0aAustral.pVerde: ensayos y filosofía;v28698733 aCatalogación derivada / LC aWM aBNGR 001054708MOaGRbGRcHDd2010-07-02iLF1l0o864.62 U54s, 1968p19682-10r2020-06-25w2020-06-25y4ZPréstamo en sala c19197d19197